[Event "Issykkul op-A"]
[Site "Korumdu"]
[Date "2025.06.27"]
[Round "7"]
[White "Sezdbekov, Ruslan"]
[Black "Minkhajdarov, Ruslan"]
[Result "0-1"]
[WhiteElo "2231"]
[BlackElo "2073"]
[PlyCount "118"]
[EventDate "2025.06.21"]
[EventType "swiss"]
[EventRounds "9"]
[EventCountry "KGZ"]
[SourceTitle "CB27_2025"]
[SourceDate "2025.07.02"]
[SourceVersion "1"]
[SourceVersionDate "2025.07.02"]
[SourceQuality "1"]

1. e4 c5 2. Nf3 e6 3. c3 Nf6 4. e5 Nd5 5. g3 d6 6. exd6 Bxd6 7. Bg2 0-0 8. d4 a6 9. 0-0 b5 10. a4 Bb7 11. axb5 axb5 12. Rxa8 Bxa8 13. dxc5 Bxc5 14. Qd3 Nc7 15. Qc2 Nd7 16. Nbd2 Nf6 17. Nb3 Be4 18. Qd2 Qa8 19. Nxc5 Bxf3 20. Bxf3 Qxf3 21. Qd6 Ncd5 22. Nd7 Nxd7 23. Qxd7 Qe2 24. Qa7 h6 25. h3 Rc8 26. Qd4 Qc2 27. Qd1 Qf5 28. Qg4 Qf6 29. Rd1 Rc4 30. Qe2 Qf5 31. Kg2 Re4 32. Qd3 Qe5 33. Bd2 b4 34. Ra1 f5 35. cxb4 Rd4 36. Bc3 Nxc3 37. Qxc3 Qe4+ 38. Qf3 Qxf3+ 39. Kxf3 Rxb4 40. Re1 Kf7 41. Re2 Rb3+ 42. Kg2 Kf6 43. h4 g5 44. hxg5+ hxg5 45. Kf1 e5 46. Rc2 f4 47. gxf4 gxf4 48. Ke2 e4 49. Kf1 Ke5 50. Rd2 Kf5 51. Rc2 Kg4 52. Kg2 f3+ 53. Kh2 Kf4 54. Kg1 Rb8 55. Rd2 Rc8 56. b4 Rc1+ 57. Kh2 e3 58. Rd4+ Ke5 59. fxe3 f2 0-1

[Event "Issykkul op-A"]
[Site "Korumdu"]
[Date "2025.06.24"]
[Round "4"]
[White "Yunusov, Nuriddin"]
[Black "Sezdbekov, Ruslan"]
[Result "1/2-1/2"]
[WhiteElo "1953"]
[BlackElo "2231"]
[PlyCount "117"]
[EventDate "2025.06.21"]
[EventType "swiss"]
[EventRounds "9"]
[EventCountry "KGZ"]
[SourceTitle "CB27_2025"]
[SourceDate "2025.07.02"]
[SourceVersion "1"]
[SourceVersionDate "2025.07.02"]
[SourceQuality "1"]

1. e4 e5 2. Nf3 Nc6 3. Bb5 a6 4. Ba4 Nf6 5. 0-0 Be7 6. Re1 b5 7. Bb3 0-0 8. a4 b4 9. c3 d6 10. h3 Rb8 11. d4 Bd7 12. a5 Qc8 13. Bc4 Qb7 14. Qe2 Ra8 15. Nbd2 Rfe8 16. d5 Nb8 17. Bd3 c6 18. c4 c5 19. g4 Qc8 20. Nh2 h6 21. Ndf3 Nh7 22. Be3 Nf8 23. Qd2 g5 24. Kh1 Ng6 25. Nf1 Nf4 26. Bxf4 gxf4 27. Ng1 Kh8 28. f3 Bh4 29. Re2 Rg8 30. Rh2 Rg6 31. Bc2 Qe8 32. Qd1 Kg7 33. Ba4 Bxa4 34. Qxa4 Qc8 35. Rc1 Nd7 36. Rcc2 Nf8 37. Nd2 Nh7 38. Nf1 Ng5 39. Rcg2 Rb8 40. b3 Qc7 41. Re2 Rh8 42. Reg2 Kf8 43. Re2 Ke7 44. Reg2 Qd7 45. Qxd7+ Kxd7 46. Re2 Ke7 47. Kg2 h5 48. Rh1 Rg7 49. Rh2 Nh7 50. Kh1 Nf6 51. Kg2 Kd7 52. Rh1 Rhg8 53. Nh2 Ke7 54. Ra2 Bg3 55. Nf1 Be1 56. Nh2 Bc3 57. Ne2 Bd4 58. Rc2 Be3 59. Ra2 1/2-1/2

[Event "Kazan BRICS Games Blitz Team"]
[Site "Kazan"]
[Date "2024.06.21"]
[Round "1.9"]
[White "Sezdbekov, Ruslan"]
[Black "Ayyad, Maher"]
[Result "1-0"]
[WhiteElo "2251"]
[BlackElo "1980"]
[PlyCount "83"]
[EventDate "2024.06.21"]
[EventType "team-swiss (blitz)"]
[EventRounds "11"]
[EventCountry "RUS"]
[SourceTitle "CBM 220 Extra"]
[Source "ChessBase"]
[SourceDate "2024.07.31"]
[SourceVersion "1"]
[SourceVersionDate "2024.07.31"]
[SourceQuality "1"]
[WhiteTeam "Kyrgyzstan"]
[BlackTeam "Bahrain"]
[WhiteTeamCountry "KGZ"]
[BlackTeamCountry "BHN"]

1. e4 c5 2. Nf3 e6 3. c3 Nf6 4. e5 Nd5 5. d4 cxd4 6. Bc4 Nb6 7. Bb3 Nc6 8. 0-0 Be7 9. cxd4 d6 10. exd6 Bxd6 11. Nc3 0-0 12. Bc2 Re8 13. Re1 g6 14. Ne4 Be7 15. h4 Nb4 16. Bb1 N4d5 17. h5 Nf6 18. hxg6 hxg6 19. Neg5 Ng4 20. Qd3 Rf8 21. Nxe6 Bxe6 22. Rxe6 Nf6 23. Bh6 Re8 24. Bg5 Nbd5 25. Ne5 Qc8 26. Rxe7 Rxe7 27. a3 Qe6 28. Ba2 Rd8 29. Re1 Qf5 30. Qxf5 gxf5 31. Rc1 Re6 32. Bb1 Rde8 33. Bxf5 Rxe5 34. dxe5 Rxe5 35. Bxf6 Nxf6 36. Bd3 Rd5 37. Bc4 Rd2 38. b3 Ne4 39. Re1 Nxf2 40. Rf1 Ng4 41. Rxf7 Rd1+ 42. Rf1+ 1-0

[Event "Kazan BRICS Games Rapid Team"]
[Site "Kazan"]
[Date "2024.06.20"]
[Round "3.9"]
[White "Ayyad, Maher"]
[Black "Sezdbekov, Ruslan"]
[Result "0-1"]
[WhiteElo "1980"]
[BlackElo "2251"]
[PlyCount "82"]
[EventDate "2024.06.20"]
[EventType "team-swiss (rapid)"]
[EventRounds "9"]
[EventCountry "RUS"]
[SourceTitle "CBM 220 Extra"]
[Source "ChessBase"]
[SourceDate "2024.07.31"]
[SourceVersion "1"]
[SourceVersionDate "2024.07.31"]
[SourceQuality "1"]
[WhiteTeam "Bahrain"]
[BlackTeam "Kyrgyzstan"]
[WhiteTeamCountry "BHN"]
[BlackTeamCountry "KGZ"]

1. d4 Nf6 2. Nf3 e6 3. g3 d5 4. Bg2 Be7 5. 0-0 0-0 6. c4 dxc4 7. Nc3 c5 8. dxc5 Bxc5 9. Qxd8 Rxd8 10. Ne5 Nc6 11. Nxc4 h6 12. Be3 Bxe3 13. Nxe3 e5 14. Rfd1 Be6 15. Ned5 Nxd5 16. Bxd5 Bxd5 17. Nxd5 Nd4 18. Nc3 Rac8 19. e3 Ne6 20. Rxd8+ Rxd8 21. Rd1 Rxd1+ 22. Nxd1 Nc5 23. Kf1 Kf8 24. Ke2 Ke7 25. Nc3 Ke6 26. b4 Nd7 27. Kd3 f5 28. e4 g6 29. Ke3 Nf6 30. h3 fxe4 31. a3 Nd5+ 32. Nxd5 Kxd5 33. b5 a5 34. bxa6 bxa6 35. h4 h5 36. Ke2 a5 37. Kd2 Kd4 38. Ke2 a4 39. Kd2 e3+ 40. fxe3+ Kc4 41. Kc2 e4 0-1

[Event "Kazan BRICS Games Rapid Team"]
[Site "Kazan"]
[Date "2024.06.20"]
[Round "9.9"]
[White "Sezdbekov, Ruslan"]
[Black "Eichab, Charles Sidney"]
[Result "1-0"]
[WhiteElo "2251"]
[BlackElo "2013"]
[PlyCount "37"]
[EventDate "2024.06.20"]
[EventType "team-swiss (rapid)"]
[EventRounds "9"]
[EventCountry "RUS"]
[SourceTitle "CBM 220 Extra"]
[Source "ChessBase"]
[SourceDate "2024.07.31"]
[SourceVersion "1"]
[SourceVersionDate "2024.07.31"]
[SourceQuality "1"]
[WhiteTeam "Kyrgyzstan"]
[BlackTeam "Namibia"]
[WhiteTeamCountry "KGZ"]
[BlackTeamCountry "NAM"]

1. e4 c5 2. Nf3 g6 3. c3 d5 4. exd5 Qxd5 5. d4 Bg4 6. Be2 cxd4 7. cxd4 Bg7 8. Nc3 Qa5 9. 0-0 Nf6 10. h3 Bxf3 11. Bxf3 Nc6 12. d5 Ne5 13. Re1 Nxf3+ 14. Qxf3 0-0 15. Rxe7 Rad8 16. Bg5 Nxd5 17. Rxb7 Rd6 18. Rd1 Rb6 19. Rxd5 1-0

[Event "Kazan BRICS Games Rapid Team"]
[Site "Kazan"]
[Date "2024.06.20"]
[Round "6.5"]
[White "Xu, Xiangyu"]
[Black "Sezdbekov, Ruslan"]
[Result "1-0"]
[WhiteElo "2628"]
[BlackElo "2251"]
[PlyCount "69"]
[EventDate "2024.06.20"]
[EventType "team-swiss (rapid)"]
[EventRounds "9"]
[EventCountry "RUS"]
[SourceTitle "CBM 220 Extra"]
[Source "ChessBase"]
[SourceDate "2024.07.31"]
[SourceVersion "1"]
[SourceVersionDate "2024.07.31"]
[SourceQuality "1"]
[WhiteTeam "China"]
[BlackTeam "Kyrgyzstan"]
[WhiteTeamCountry "CHN"]
[BlackTeamCountry "KGZ"]

1. d4 Nf6 2. c4 e6 3. Nc3 d5 4. cxd5 exd5 5. Bg5 Be7 6. e3 0-0 7. Bd3 Nbd7 8. Qc2 c6 9. h3 Re8 10. Nf3 Nf8 11. Bf4 Ng6 12. Bh2 Bd6 13. Bxd6 Qxd6 14. 0-0 Bd7 15. Rab1 Re7 16. b4 a6 17. a4 Rae8 18. b5 axb5 19. axb5 Ne4 20. bxc6 bxc6 21. Rfc1 Qf6 22. Bxe4 dxe4 23. Nd2 Qh4 24. Ne2 f5 25. Nc4 f4 26. Nxf4 Nxf4 27. exf4 Qxf4 28. Ne5 Rf8 29. Qe2 Be8 30. Qe3 Qh4 31. Nxc6 Ref7 32. Rb8 g5 33. Ne5 Rf6 34. Rcc8 Qh5 35. g4 1-0

[Event "Kazan BRICS Games Blitz"]
[Site "Kazan"]
[Date "2024.06.19"]
[Round "9"]
[White "Abdulrahman Mohammad, Al Taher"]
[Black "Sezdbekov, Ruslan"]
[Result "1-0"]
[WhiteElo "2105"]
[BlackElo "2251"]
[PlyCount "75"]
[EventDate "2024.06.19"]
[EventType "swiss (blitz)"]
[EventRounds "11"]
[EventCountry "RUS"]
[SourceTitle "CBM 220 Extra"]
[Source "ChessBase"]
[SourceDate "2024.07.31"]
[SourceVersion "1"]
[SourceVersionDate "2024.07.31"]
[SourceQuality "1"]

1. d4 Nf6 2. c4 e5 3. dxe5 Ne4 4. a3 d6 5. exd6 Bxd6 6. Nd2 Bf5 7. e3 0-0 8. Ngf3 c5 9. Be2 Nc6 10. 0-0 Qf6 11. Nxe4 Bxe4 12. Bd3 Bxf3 13. Qxf3 Qh6 14. h3 Ne5 15. Qe2 Rad8 16. Be4 b6 17. Bd5 Rfe8 18. e4 Qh4 19. f4 Ng6 20. Qf3 Kf8 21. e5 Bb8 22. Bd2 Ne7 23. Bc3 Nf5 24. Qg4 Qxg4 25. hxg4 Ne3 26. Bc6 Re6 27. Rf3 Nxc4 28. Bb5 Nd2 29. Rd3 Rxd3 30. Bxd3 Nb3 31. Rd1 Re8 32. Bb5 Rc8 33. Rd7 Nd4 34. Bc4 b5 35. Bxf7 Ne2+ 36. Kf2 Nxf4 37. e6 c4 38. Bb4+ 1-0

[Event "Kazan BRICS Games Blitz"]
[Site "Kazan"]
[Date "2024.06.19"]
[Round "11"]
[White "Shiferaw, Yalemzewde Mekonnen"]
[Black "Sezdbekov, Ruslan"]
[Result "1/2-1/2"]
[WhiteElo "2025"]
[BlackElo "2251"]
[PlyCount "80"]
[EventDate "2024.06.19"]
[EventType "swiss (blitz)"]
[EventRounds "11"]
[EventCountry "RUS"]
[SourceTitle "CBM 220 Extra"]
[Source "ChessBase"]
[SourceDate "2024.07.31"]
[SourceVersion "1"]
[SourceVersionDate "2024.07.31"]
[SourceQuality "1"]

1. c4 e5 2. g3 Nf6 3. Bg2 Nc6 4. d3 Bc5 5. Nf3 d6 6. 0-0 0-0 7. a3 a5 8. Nc3 Bg4 9. h3 Bh5 10. Bg5 h6 11. Bxf6 Qxf6 12. Ne4 Qe7 13. Nxc5 dxc5 14. Qb3 Rab8 15. Rfe1 Rfd8 16. Qb5 Bxf3 17. Bxf3 Nd4 18. Qxa5 Nxf3+ 19. exf3 Rxd3 20. Kg2 b6 21. Qb5 Qf6 22. Re3 Rxe3 23. fxe3 Rd8 24. Rf1 e4 25. f4 Rd3 26. Qe8+ Kh7 27. Qxe4+ Qg6 28. f5 Rd2+ 29. Rf2 Qd6 30. f6+ g6 31. Qf4 Qc6+ 32. e4 Rd4 33. Kf3 Rd6 34. Ke3 Qa4 35. Rd2 Qb3+ 36. Ke2 Qxc4+ 37. Kf3 Qf1+ 38. Ke3 Qe1+ 39. Re2 Qc1+ 40. Kf3 Qf1+ 1/2-1/2

[Event "Kazan BRICS Games Blitz"]
[Site "Kazan"]
[Date "2024.06.19"]
[Round "4"]
[White "Ynojosa Aponte, Felix Jose"]
[Black "Sezdbekov, Ruslan"]
[Result "1-0"]
[WhiteElo "2387"]
[BlackElo "2251"]
[PlyCount "89"]
[EventDate "2024.06.19"]
[EventType "swiss (blitz)"]
[EventRounds "11"]
[EventCountry "RUS"]
[SourceTitle "CBM 220 Extra"]
[Source "ChessBase"]
[SourceDate "2024.07.31"]
[SourceVersion "1"]
[SourceVersionDate "2024.07.31"]
[SourceQuality "1"]

1. c4 e5 2. Nc3 Nf6 3. e3 Nc6 4. Nf3 d5 5. cxd5 Nxd5 6. Bb5 Nxc3 7. bxc3 Bd6 8. d4 exd4 9. cxd4 0-0 10. h3 Bf5 11. 0-0 Qf6 12. Re1 Rfe8 13. Bb2 a6 14. Bd3 Be4 15. Bxe4 Rxe4 16. Qb3 Rb8 17. Rac1 Ne7 18. d5 Qg6 19. Red1 Nf5 20. Ba3 Bxa3 21. Qxa3 Rc8 22. d6 c6 23. d7 Rd8 24. Qb2 Nd6 25. Rc2 h6 26. Ne5 Qe6 27. Nd3 Nc4 28. Qb3 Rxd7 29. Rdc1 Rxd3 30. Qxd3 b5 31. Rd1 g6 32. Qd8+ Kg7 33. Rcc1 Re5 34. Qd4 Kh7 35. Qf4 Rf5 36. Qg3 Rg5 37. Qf4 Rf5 38. Qb8 Rg5 39. Rd8 Qxh3 40. Rh8+ Kg7 41. Rg8+ Kh7 42. Rh8+ Kg7 43. Qf8+ Kf6 44. Qd8+ Kg7 45. Qxg5 1-0

[Event "Kazan BRICS Games Rapid"]
[Site "Kazan"]
[Date "2024.06.18"]
[Round "8"]
[White "Sezdbekov, Ruslan"]
[Black "Ayyad, Maher"]
[Result "1-0"]
[WhiteElo "2251"]
[BlackElo "1980"]
[PlyCount "57"]
[EventDate "2024.06.18"]
[EventType "team-swiss (rapid)"]
[EventRounds "9"]
[EventCountry "RUS"]
[SourceTitle "CBM 220 Extra"]
[Source "ChessBase"]
[SourceDate "2024.07.31"]
[SourceVersion "1"]
[SourceVersionDate "2024.07.31"]
[SourceQuality "1"]

1. e4 c5 2. Nf3 e6 3. c3 Nf6 4. e5 Nd5 5. d4 cxd4 6. Bc4 Nb6 7. Bb3 d6 8. exd6 Bxd6 9. 0-0 0-0 10. cxd4 Nc6 11. Re1 Bd7 12. Nc3 Ne7 13. Bg5 Bc6 14. Rc1 Rc8 15. a3 Qd7 16. Bxe7 Bxe7 17. Ne5 Qd6 18. Qg4 Bd5 19. Nxd5 exd5 20. Rxc8 Rxc8 21. h4 Rc7 22. h5 h6 23. Qf3 Bg5 24. g3 Qf6 25. Bxd5 Qxf3 26. Bxf3 Na4 27. Bd5 Kf8 28. Re2 Bc1 29. Bxf7 1-0

[Event "Kazan BRICS Games Rapid"]
[Site "Kazan"]
[Date "2024.06.18"]
[Round "6"]
[White "Sezdbekov, Ruslan"]
[Black "Kabilov, Amin"]
[Result "1-0"]
[WhiteElo "2251"]
[BlackElo "2200"]
[PlyCount "73"]
[EventDate "2024.06.18"]
[EventType "team-swiss (rapid)"]
[EventRounds "9"]
[EventCountry "RUS"]
[SourceTitle "CBM 220 Extra"]
[Source "ChessBase"]
[SourceDate "2024.07.31"]
[SourceVersion "1"]
[SourceVersionDate "2024.07.31"]
[SourceQuality "1"]

1. e4 e5 2. Nf3 d6 3. Nc3 Nf6 4. Bc4 Be7 5. d3 0-0 6. h3 c6 7. Bb3 b5 8. 0-0 Nbd7 9. Be3 a5 10. a4 b4 11. Ne2 d5 12. Ng3 d4 13. Bd2 Bd6 14. Bc4 Nb6 15. b3 Nxc4 16. bxc4 Re8 17. Nh4 g6 18. Bg5 Be7 19. f4 Nd7 20. Nf3 Bxg5 21. fxg5 Nc5 22. Qd2 Ra7 23. h4 b3 24. Rab1 bxc2 25. Qxc2 Rb7 26. Rxb7 Bxb7 27. h5 Ne6 28. Nxe5 Qxg5 29. Qf2 Re7 30. Nxf7 Qe3 31. Qxe3 dxe3 32. Nh6+ Kg7 33. Ng4 h6 34. Rf6 Nf8 35. hxg6 Re5 36. Rf7+ Kxg6 37. Nxe5+ 1-0

[Event "Kazan BRICS Games Rapid"]
[Site "Kazan"]
[Date "2024.06.18"]
[Round "9"]
[White "Tsaruk, Maksim"]
[Black "Sezdbekov, Ruslan"]
[Result "1/2-1/2"]
[WhiteElo "2480"]
[BlackElo "2251"]
[PlyCount "89"]
[EventDate "2024.06.18"]
[EventType "team-swiss (rapid)"]
[EventRounds "9"]
[EventCountry "RUS"]
[SourceTitle "CBM 220 Extra"]
[Source "ChessBase"]
[SourceDate "2024.07.31"]
[SourceVersion "1"]
[SourceVersionDate "2024.07.31"]
[SourceQuality "1"]

1. e4 e5 2. Nf3 Nc6 3. Bb5 a6 4. Ba4 Nf6 5. 0-0 Be7 6. Re1 b5 7. Bb3 0-0 8. c3 d5 9. exd5 Nxd5 10. Nxe5 Nxe5 11. Rxe5 c6 12. d3 Bd6 13. Re1 Qh4 14. g3 Qh3 15. Re4 Nf6 16. Rh4 Qf5 17. Nd2 Ng4 18. Ne4 Be7 19. f3 Ne5 20. Rf4 Qd7 21. Nf2 c5 22. d4 Ng6 23. Re4 Bb7 24. Re1 cxd4 25. cxd4 Rad8 26. d5 Bxd5 27. Qxd5 Qxd5 28. Bxd5 Rxd5 29. Kg2 Bb4 30. Re2 Rc8 31. f4 h5 32. Be3 Ne7 33. a3 Bd6 34. Ne4 Nf5 35. Bf2 Rd3 36. Rae1 f6 37. h3 Rc4 38. g4 Nh6 39. Nxd6 Rxd6 40. Kf3 hxg4+ 41. hxg4 Rd3+ 42. Re3 Rxe3+ 43. Bxe3 f5 44. gxf5 Nxf5 45. Rd1 1/2-1/2

[Event "KGZ-ch"]
[Site "Bishkek"]
[Date "2024.05.08"]
[Round "8"]
[White "Sezdbekov, Ruslan"]
[Black "Maznitsin, Andrei"]
[Result "1/2-1/2"]
[WhiteElo "2285"]
[BlackElo "2167"]
[PlyCount "37"]
[EventDate "2024.05.01"]
[EventType "tourn"]
[EventRounds "11"]
[EventCountry "KGZ"]
[SourceTitle "EXT 2025"]
[Source "ChessBase"]
[SourceDate "2024.10.14"]
[SourceVersion "1"]
[SourceVersionDate "2024.10.14"]
[SourceQuality "1"]

1. e4 c6 2. d4 d5 3. Nc3 dxe4 4. Nxe4 Bf5 5. Ng3 Bg6 6. h4 h6 7. Nf3 Nd7 8. Bc4 e6 9. Bf4 Ngf6 10. Qe2 Be7 11. Ne5 Nxe5 12. Bxe5 0-0 13. h5 Bh7 14. 0-0 Nd7 15. Rad1 Nxe5 16. dxe5 Qc7 17. Bd3 Bxd3 18. Rxd3 Rad8 19. Rfd1 1/2-1/2

[Event "KGZ-ch"]
[Site "Bishkek"]
[Date "2024.05.07"]
[Round "7"]
[White "Esenbek Uulu, Ilimbek"]
[Black "Sezdbekov, Ruslan"]
[Result "0-1"]
[WhiteElo "2010"]
[BlackElo "2285"]
[PlyCount "68"]
[EventDate "2024.05.01"]
[EventType "tourn"]
[EventRounds "11"]
[EventCountry "KGZ"]
[SourceTitle "EXT 2025"]
[Source "ChessBase"]
[SourceDate "2024.10.14"]
[SourceVersion "1"]
[SourceVersionDate "2024.10.14"]
[SourceQuality "1"]

1. d4 Nf6 2. Bf4 d5 3. Nf3 c5 4. e3 Nc6 5. Nbd2 g6 6. c3 Bg7 7. Be2 0-0 8. Ne5 Nd7 9. Nxd7 Bxd7 10. Qb3 e5 11. dxe5 c4 12. Qd1 Qb6 13. Qc1 Rfe8 14. 0-0 Bf5 15. e4 Bxe4 16. Be3 Qc7 17. f4 Bf5 18. g4 Bd7 19. Bf3 Rad8 20. h3 Bc8 21. Bg2 f6 22. exf6 Bxf6 23. Nf3 d4 24. Bxd4 Nxd4 25. Nxd4 Bxd4+ 26. cxd4 Rxd4 27. f5 Re2 28. fxg6 Rdd2 29. gxh7+ Kxh7 30. Be4+ Kg8 31. Bd5+ Rxd5 32. Rf4 Be6 33. Qf1 Qc5+ 34. Kh1 Rdd2 0-1

[Event "KGZ-ch"]
[Site "Bishkek"]
[Date "2024.05.02"]
[Round "2"]
[White "Sezdbekov, Ruslan"]
[Black "Kurbanbaev, Zalkar"]
[Result "0-1"]
[WhiteElo "2285"]
[BlackElo "1883"]
[PlyCount "110"]
[EventDate "2024.05.01"]
[EventType "tourn"]
[EventRounds "11"]
[EventCountry "KGZ"]
[SourceTitle "EXT 2025"]
[Source "ChessBase"]
[SourceDate "2024.10.14"]
[SourceVersion "1"]
[SourceVersionDate "2024.10.14"]
[SourceQuality "1"]

1. e4 c5 2. Nf3 d6 3. c3 Nf6 4. Be2 e6 5. 0-0 Nbd7 6. Qc2 Qc7 7. c4 Ne5 8. Nc3 Bd7 9. d3 Be7 10. Nxe5 dxe5 11. Be3 a6 12. a3 0-0 13. f4 exf4 14. Bxf4 Bd6 15. Qd2 Bc6 16. b4 b6 17. Qe3 Bxf4 18. Qxf4 Qxf4 19. Rxf4 Nd7 20. Rff1 Ne5 21. Kf2 f5 22. Ke3 g5 23. g3 Rad8 24. bxc5 bxc5 25. Rab1 Ng6 26. Rb6 f4+ 27. gxf4 gxf4+ 28. Rxf4 Rxf4 29. Rxc6 Kf7 30. Rxc5 Rh4 31. Rh5 Rxd3+ 32. Kxd3 Nf4+ 33. Ke3 Nxh5 34. c5 Rh3+ 35. Kd4 e5+ 36. Kc4 Nf6 37. c6 Ke7 38. Nd5+ Nxd5 39. Kxd5 Rxa3 40. Kc5 Rc3+ 41. Kd5 a5 42. Bb5 Kd8 43. Kd6 Rc2 44. h4 Rd2+ 45. Kxe5 Kc7 46. Kf5 Rb2 47. Bc4 a4 48. h5 Rc2 49. Bg8 Rh2 50. e5 Rxh5+ 51. Kf6 a3 52. Bd5 Rh2 53. e6 a2 54. Bxa2 Rxa2 55. e7 Re2 0-1

[Event "MSU Cup"]
[Site "Moscow"]
[Date "2024.04.23"]
[Round "3.14"]
[White "Rezvy, Lev"]
[Black "Sezdbekov, Ruslan"]
[Result "1-0"]
[WhiteElo "2089"]
[BlackElo "2283"]
[PlyCount "167"]
[EventDate "2024.04.22"]
[EventType "team-tourn"]
[EventRounds "9"]
[EventCountry "RUS"]
[SourceTitle "CBM 219 Extra"]
[Source "ChessBase"]
[SourceDate "2024.05.31"]
[SourceVersion "1"]
[SourceVersionDate "2024.05.31"]
[SourceQuality "1"]
[WhiteTeam "SPbGU"]
[BlackTeam "Kyrgyzstan"]
[WhiteTeamCountry "RUS"]
[BlackTeamCountry "KGZ"]

1. d4 Nf6 2. c4 e6 3. g3 d5 4. Nf3 Be7 5. Bg2 0-0 6. 0-0 dxc4 7. Qc2 a6 8. a4 Bd7 9. Qxc4 Bc6 10. Bg5 h6 11. Bxf6 Bxf6 12. Rd1 b5 13. Qc2 bxa4 14. Nc3 a5 15. Nxa4 Qe8 16. Nc5 a4 17. Ne4 Bxe4 18. Qxe4 Ra5 19. Rdc1 Na6 20. Nd2 Rd5 21. e3 Rb5 22. b3 Nc5 23. dxc5 Bxa1 24. Rxa1 axb3 25. Rb1 b2 26. Bf1 Rxc5 27. Rxb2 Rc1 28. Nb3 Rd1 29. Qc2 Qd8 30. Nd4 Ra1 31. Rb1 Rxb1 32. Qxb1 c5 33. Nf3 Qd6 34. Qe4 Rd8 35. Kg2 Qd5 36. Qf4 Qd6 37. Qxd6 Rxd6 38. Ne5 Kf8 39. g4 Ke7 40. h4 Rd5 41. Nc4 Rd1 42. Be2 Re1 43. Bf1 Rd1 44. h5 Rc1 45. f4 Rc2+ 46. Kf3 f6 47. Be2 Rc1 48. Nd2 Rc2 49. Nc4 Rc1 50. e4 Rc3+ 51. Kf2 Rc1 52. e5 Rc3 53. exf6+ gxf6 54. Ne3 Rc1 55. f5 e5 56. Nd5+ Kf7 57. Ke3 Rg1 58. Nc3 Ra1 59. Bc4+ Kg7 60. Ne4 Ra3+ 61. Kd2 Ra4 62. Kc3 Ra3+ 63. Bb3 Ra1 64. Bc4 Rc1+ 65. Kd3 Rg1 66. Nf2 Rg3+ 67. Kd2 Rg1 68. Be2 Ra1 69. Ne4 Ra5 70. Nd6 Ra2+ 71. Ke3 Ra3+ 72. Ke4 Rc3 73. Kd5 Re3 74. Bc4 Rg3 75. Kxc5 Kf8 76. Ne4 Rxg4 77. Nxf6 Rf4 78. Be6 e4 79. Kd4 Rh4 80. Nxe4 Rxh5 81. Ke5 Rh1 82. Kf6 h5 83. Bf7 Rf1 84. Ng5 1-0

[Event "Belt and Road op 3rd"]
[Site "Qinhuangdao"]
[Date "2023.11.24"]
[Round "9"]
[White "Zhu, Jiner"]
[Black "Sezdbekov, Ruslan"]
[Result "0-1"]
[WhiteElo "2489"]
[BlackElo "2280"]
[PlyCount "160"]
[EventDate "2023.11.19"]
[EventType "swiss"]
[EventRounds "9"]
[EventCountry "CHN"]
[SourceTitle "CBM 217 Extra"]
[Source "ChessBase"]
[SourceDate "2024.01.31"]
[SourceVersion "1"]
[SourceVersionDate "2024.01.31"]
[SourceQuality "1"]

1. e4 e5 2. Nf3 Nc6 3. Bc4 Nf6 4. d3 Bc5 5. 0-0 d6 6. c3 Bb6 7. Re1 Be6 8. Nbd2 0-0 9. h3 Ne7 10. Bxe6 fxe6 11. Nc4 Ng6 12. a4 c6 13. Qb3 Nd7 14. Bg5 Qb8 15. Nxb6 Nc5 16. Qd1 axb6 17. d4 exd4 18. b4 Na6 19. Qxd4 c5 20. Qd2 Qc7 21. b5 Nb8 22. Red1 h6 23. Be3 Rd8 24. Qa2 Qe7 25. Nd2 d5 26. Nf3 Qf7 27. Qb3 Rd6 28. a5 Nd7 29. axb6 Rc8 30. Qa3 Rxb6 31. Rab1 Rd6 32. b6 Rxb6 33. exd5 exd5 34. Rxb6 Nxb6 35. Bxc5 Nc4 36. Qb4 Nf4 37. Bd4 Rf8 38. Rb1 b6 39. Qb5 Na3 40. Qxb6 Nxb1 41. Qxb1 Nxh3+ 42. Kf1 Nf4 43. g3 Ne6 44. Ne5 Qh5 45. Qb6 Qh1+ 46. Ke2 Qe4+ 47. Kf1 Nxd4 48. Qxd4 Qh1+ 49. Ke2 Ra8 50. Ke3 Qe1+ 51. Kf3 Rf8+ 52. Kg2 Qe4+ 53. Qxe4 dxe4 54. Nc4 Rd8 55. Ne3 Kf7 56. g4 Ke6 57. Nf5 Rd7 58. c4 Ke5 59. Kg3 Rd3+ 60. Kg2 Kf4 61. Nxg7 Kxg4 62. Ne8 Rc3 63. Nf6+ Kf5 64. Nd5 Rc1 65. Ne3+ Kf4 66. Nd5+ Ke5 67. Ne3 Kf4 68. Nd5+ Kg5 69. Ne3 Rc3 70. Kg3 h5 71. Kh3 Rb3 72. Kg2 Kf4 73. Nd5+ Ke5 74. Ne3 Rb8 75. Nd5 Rg8+ 76. Kh3 Rf8 77. Kg3 h4+ 78. Kxh4 Rxf2 79. Kg3 Rf7 80. Ne3 Rf3+ 0-1

[Event "Belt and Road op 3rd"]
[Site "Qinhuangdao"]
[Date "2023.11.23"]
[Round "7"]
[White "Bai, Xue"]
[Black "Sezdbekov, Ruslan"]
[Result "0-1"]
[WhiteElo "2075"]
[BlackElo "2280"]
[PlyCount "92"]
[EventDate "2023.11.19"]
[EventType "swiss"]
[EventRounds "9"]
[EventCountry "CHN"]
[SourceTitle "CBM 217 Extra"]
[Source "ChessBase"]
[SourceDate "2024.01.31"]
[SourceVersion "1"]
[SourceVersionDate "2024.01.31"]
[SourceQuality "1"]

1. e4 e5 2. Nf3 Nc6 3. Bb5 a6 4. Ba4 Nf6 5. 0-0 Be7 6. Re1 b5 7. Bb3 0-0 8. a4 b4 9. d3 d6 10. Nbd2 Na5 11. c3 Rb8 12. Bc2 c5 13. d4 Qc7 14. d5 c4 15. cxb4 Rxb4 16. Ra3 Bd7 17. Rc3 Qb7 18. h3 Rc8 19. g4 Nb3 20. Nxb3 cxb3 21. Rxc8+ Bxc8 22. Bd3 Rxa4 23. Bd2 Nd7 24. Qe2 Nc5 25. Rc1 Bd7 26. Bb1 a5 27. Qe3 Ra1 28. Bc3 a4 29. Nd2 Bb5 30. Re1 Bd3 31. Bxd3 Rxe1+ 32. Qxe1 Nxd3 33. Qf1 Nf4 34. Kh2 Qa7 35. Nc4 Qa6 36. Bb4 h6 37. Ba3 g6 38. Kg3 h5 39. gxh5 Nxh5+ 40. Kf3 Nf4 41. h4 Qb5 42. Ke3 Qa6 43. Kd2 Qa7 44. Kc1 Qd4 45. Ne3 Nd3+ 46. Kb1 Qxe4 0-1

[Event "Belt and Road op 3rd"]
[Site "Qinhuangdao"]
[Date "2023.11.20"]
[Round "3"]
[White "Khulan, Enkhsaikhan"]
[Black "Sezdbekov, Ruslan"]
[Result "1/2-1/2"]
[WhiteElo "2057"]
[BlackElo "2280"]
[PlyCount "120"]
[EventDate "2023.11.19"]
[EventType "swiss"]
[EventRounds "9"]
[EventCountry "CHN"]
[SourceTitle "CBM 217 Extra"]
[Source "ChessBase"]
[SourceDate "2024.01.31"]
[SourceVersion "1"]
[SourceVersionDate "2024.01.31"]
[SourceQuality "1"]

1. d4 Nf6 2. c4 e6 3. Nc3 d5 4. cxd5 exd5 5. Bg5 Be7 6. Qc2 0-0 7. e3 c6 8. Bd3 Nbd7 9. Nge2 Re8 10. 0-0 Nf8 11. Rab1 Bd6 12. Bf4 Ng6 13. Bg3 Bxg3 14. Nxg3 Qd6 15. b4 Bd7 16. b5 c5 17. dxc5 Qxc5 18. Nce2 Qb6 19. a4 Ne5 20. Nd4 Rac8 21. Qd2 Nxd3 22. Qxd3 Rc4 23. Ra1 Rec8 24. Ngf5 Qc5 25. Qa3 Qxa3 26. Rxa3 R8c7 27. a5 Rb4 28. b6 axb6 29. axb6 Rxb6 30. Ra8+ Be8 31. g4 g6 32. Nh6+ Kg7 33. g5 Bd7 34. Rfa1 Bh3 35. f3 Rb2 36. R8a2 Rxa2 37. Rxa2 Ng8 38. Nxg8 Kxg8 39. Kf2 Kg7 40. Kg3 Bd7 41. Ra7 h6 42. h4 hxg5 43. hxg5 f6 44. Ra5 fxg5 45. Rxd5 Kh6 46. e4 Bc8 47. Nb5 Re7 48. Rc5 Bd7 49. Rc7 b6 50. Nc3 Rg7 51. Rb7 b5 52. Nxb5 Bxb5 53. Rxb5 Rf7 54. Rc5 Rf8 55. Rc7 Re8 56. Rf7 Re5 57. Kg4 Rb5 58. Rd7 Rb2 59. Kg3 Rc2 60. Ra7 Rb2 1/2-1/2